000
00294nam a22001337a 4500
003
SGT
082
_a
616.0757
_b
C17W
100
_a
WHITLEY,A STEWART
245
_a
CLARKS POCKET HANDBOOK FOR RADIOGRAPHERS
250
_a
2ND
260
_b
CRS PRESS
_c
2017
300
_a
252
942
_2
ddc
_c
BK
_0
28
999
_c
14334
_d
14334